Historia Wielkiej Brytanii dla głupich - Statystyki

Ogólne statystyki
  • Ten quiz został rozwiązany 49 razy
  • Średni wynik to 10 z 20
Statystyki odpowiedzi
Pytanie Odpowiedź % Poprawnych
Które państwo połączyło się z Anglią, tworząc „Królestwo Wielkiej Brytanii” w 1707 roku? Szkocja
84%
Kto panował jako królowa Wielkiej Brytanii w latach 1837–1901? Królowa Wiktoria
81%
Który król miał sześć różnych żon, z których dwie zostały ścięte? Król Henryk VIII
76%
Do czyich licznych sztuk należą „Hamlet”, „Makbet” i „Romeo i Julia”? William Szekspir
76%
Z jakim państwem walczyła Anglia w „wojnie stuletniej”? Francja
70%
Który członek rodziny królewskiej zginął w wypadku samochodowym w 1997 roku, gdy ścigali go paparazzi? Księżniczka Diana
70%
Kto był premierem Wielkiej Brytanii przez większą część II wojny światowej? Winston Churchill
70%
Które państwo próbowało najechać Anglię flotą w 1588 roku? Hiszpania
62%
Jaka „rewolucja” rozpoczęła się w Wielkiej Brytanii pod koniec XVIII wieku, wywołując ogromny wzrost dobrobytu materialnego na całym świecie? Rewolucja {przemysłowa}
59%
Z jakiej unii politycznej Wielka Brytania zagłosowała w 2016 roku, ostatecznie decydując się na nią w 2020 roku? Unia Europjska
59%
Jakie terytorium Wielka Brytania odkupiła od Chin w 1842 roku i zwróciła w 1997 roku? Hongkong
46%
Który kraj Imperium Brytyjskiego miał największą liczbę ludności przed uzyskaniem niepodległości w 1947 roku? Indie
43%
Król Ryszard I był znany pod przydomkiem „Cœur de Lion”. Co to oznacza po angielsku? Lwie Serce
43%
Jaki słynny kamienny krąg zbudowano w Wiltshire co najmniej 4000 lat temu? Stonehenge
41%
Na jaką kartę zgodził się król Jan w 1215 roku, ograniczając władzę królewską? Wielka Karta {Swobód}
41%
Jakie konflikty doprowadziły do ​​konfliktu pomiędzy dynastią Lancasterów i dynastią Yorków? Wojny {Róż}
30%
O jakiej teorii pisał Karol Darwin w swojej książce „O powstawaniu gatunków”? Selekcja naturalna
24%
Jaka grupa ludzi podbiła Anglię w 1066 roku? Normanowie
19%
Jakie imię nosiło 6 królów, z których trzeci był szalony? Jerzy
16%
Jakiego rodzaju ludzi Anglia „transportowała” do Australii w latach 1787–1868? Konkwista
0%
Nie znaleziono quizów pasujących do podanych kryteriów
Rozkład punktacji
Procent ludzi z każdym wynikiem
Percentyl według liczby udzielonych odpowiedzi
Twoja historia wyników
Nie rozwiązałeś tego quizu